00254nam a2200097Ia 4500008004100000100001900041245002800060260004200088260000900130999001700139170620s9999 xx 000 0 und d aEdiger- Marlow 0aCurriculum Organization bNew Delhi- Discovery Publishing House c2005 c24242d24242